LEADER 00940cam0-22003011i-450- 001 990006065680403321 005 19980601 035 $a000606568 035 $aFED01000606568 035 $a(Aleph)000606568FED01 035 $a000606568 100 $a19980601d1955----km-y0itay50------ba 101 0 $aita 102 $aIT 105 $ay-------001yy 200 1 $a<>Interpretazione della legge$econ particolare riguardo ai rapporti fra intrepretazione autentica e giiurisprudenziale$fGiovanni Galloni 210 $aMilano$cGiuffrè$d1955 215 $aVII, 210 p.$d25 cm 225 1 $aRaccolti di monografie$fCentro italiano di studi giuridici$v3 676 $a340.1$v20$zita 700 1$aGalloni,$bGiovanni$03312 801 0$aIT$bUNINA$gRICA$2UNIMARC 901 $aBK 912 $a990006065680403321 952 $aCOLLEZIONE 51 (3)$b47867$fFGBC 959 $aFGBC 996 $aInterpretazione della legge$9576303 997 $aUNINA LEADER 01682nam0-2200433li-450 001 990000169050203316 005 20180918155407.0 010 $a88-203-1264-6 035 $a0016905 035 $aUSA010016905 035 $a(ALEPH)000016905USA01 035 $a0016905 100 $a2001994031981-------y0itay0103----ba 101 1 $aita$ceng 102 $aIT 200 1 $aProgettazione antisismica$eConseguenze dei terremoti, rischio sismisco, risposta locale ai terremoti, scelta della forma della struttura, risposta strutturale ai terremoti, progettazione dei dettagli costruttivi, resistenza sismica dei servizi, particolari architettonici termoresistenti, resistenza sismica di strutture specifiche, informazioni varie$ead uso di ingegneri, architetti, geometri$fDavid J. Dowrick 210 $aMilano$cU. Hoepli$dcopyr. 1981 215 $a387 p.$cill.$d24 cm 300 $aTrad. di Denise Lupi Schmid 454 0$12001$aEarthquake resistant design$91387013 676 $a693.852 700 1$aDOWRICK,$bDavid J.$031151 801 $aSistema bibliotecario di Ateneo dell' Università di Salerno$gRICA 912 $a990000169050203316 951 $a693.852 DOW$c693$d0002607 951 $aIII.1. 215 (Varie 111)$b8843 L.M.$cVarie 951 $a693.852 DOW$b860 Crd.$c693$d00331006 959 $aBK 969 $aTEC 969 $aCRD 969 $aUMA 979 $c19940325 979 $c20001110$lUSA01$h1712 979 $c20020403$lUSA01$h1624 979 $aPATRY$b90$c20040406$lUSA01$h1612 979 $aCOPAT3$b90$c20050217$lUSA01$h0932 979 $aPAOLA$b90$c20151012$lUSA01$h1329 996 $aEarthquake resistant design$91387013 997 $aUNISA